Sociology : The core
Guardado en:
| Autor principal: | |
|---|---|
| Formato: | Libro |
| Lenguaje: | Undetermined |
| Publicado: |
Boston
McGraw-Hill
2005
|
| Materias: | |
| Etiquetas: |
Agregar Etiqueta
Sin Etiquetas, Sea el primero en etiquetar este registro!
|
| Thư viện lưu trữ: | Trung tâm Học liệu Trường Đại học Cần Thơ |
|---|
| LEADER | 00508nam a2200205Ia 4500 | ||
|---|---|---|---|
| 001 | CTU_130833 | ||
| 008 | 210402s9999 xx 000 0 und d | ||
| 020 | |c 40.15 | ||
| 082 | |a 301 | ||
| 082 | |b H894 | ||
| 100 | |a Hughes, Michael | ||
| 245 | 0 | |a Sociology : | |
| 245 | 4 | |b The core | |
| 245 | 0 | |c Michael Hughes and Carolyn J. Kroehler | |
| 260 | |a Boston | ||
| 260 | |b McGraw-Hill | ||
| 260 | |c 2005 | ||
| 650 | |a Sociology | ||
| 904 | |i Giang | ||
| 980 | |a Trung tâm Học liệu Trường Đại học Cần Thơ | ||